An introduction to statistical modelling / (Record no. 7767)

MARC details
000 -LEADER
fixed length control field 01192cam a2200313 a 4500
001 - CONTROL NUMBER
control field 3572387
003 - CONTROL NUMBER IDENTIFIER
control field OSt
005 - DATE AND TIME OF LATEST TRANSACTION
control field 20220302101712.0
008 - FIXED-LENGTH DATA ELEMENTS--GENERAL INFORMATION
fixed length control field 980924s1998 enka b 101 0 eng d
010 ## - LIBRARY OF CONGRESS CONTROL NUMBER
LC control number 98232306
020 ## - INTERNATIONAL STANDARD BOOK NUMBER
International Standard Book Number 0340691859
035 ## - SYSTEM CONTROL NUMBER
System control number (OCoLC)39926478
040 ## - CATALOGING SOURCE
Original cataloging agency FrVuINSD
Language of cataloging fre
Transcribing agency FrVuINSD
Modifying agency DLC
042 ## - AUTHENTICATION CODE
Authentication code lccopycat
050 00 - LIBRARY OF CONGRESS CALL NUMBER
Classification number QA279
Item number .K79 1998
082 00 - DEWEY DECIMAL CLASSIFICATION NUMBER
Classification number 519.5KRZ 1998
100 1# - MAIN ENTRY--PERSONAL NAME
Personal name Krzanowski, W. J.
9 (RLIN) 15835
245 13 - TITLE STATEMENT
Title An introduction to statistical modelling /
Statement of responsibility, etc. Wojtek J. Krzanowski.
260 ## - PUBLICATION, DISTRIBUTION, ETC. (IMPRINT)
Place of publication, distribution, etc. London ;
-- New York :
Name of publisher, distributor, etc. Arnold,
Date of publication, distribution, etc. 1998.
300 ## - PHYSICAL DESCRIPTION
Extent x, 252 p. :
Other physical details ill. ;
Dimensions 24 cm.
440 #0 - SERIES STATEMENT/ADDED ENTRY--TITLE
Title Arnold texts in statistics
9 (RLIN) 15836
504 ## - BIBLIOGRAPHY, ETC. NOTE
Bibliography, etc Includes bibliographical references (p. [245]-246) and index.
650 #0 - SUBJECT ADDED ENTRY--TOPICAL TERM
Topical term or geographic name as entry element Linear models (Statistics)
9 (RLIN) 13559
856 42 - ELECTRONIC LOCATION AND ACCESS
Materials specified Publisher description
Uniform Resource Identifier http://www.loc.gov/catdir/enhancements/fy0640/98232306-d.html
856 41 - ELECTRONIC LOCATION AND ACCESS
Materials specified Table of contents only
Uniform Resource Identifier http://www.loc.gov/catdir/enhancements/fy0640/98232306-t.html
906 ## - LOCAL DATA ELEMENT F, LDF (RLIN)
a 7
b cbc
c copycat
d 2
e ncip
f 19
g y-gencatlg
942 ## - ADDED ENTRY ELEMENTS (KOHA)
Source of classification or shelving scheme Dewey Decimal Classification
Koha item type Open Shelf
Holdings
Withdrawn status Lost status Source of classification or shelving scheme Damaged status Not for loan Home library Current library Date acquired Source of acquisition Inventory number Total Checkouts Full call number Barcode Date last seen Price effective from Koha item type
    Dewey Decimal Classification     MUST Main Library MUST Main Library 02/03/2022 Donation 06/26130   519.5KRZ 1998 2022-0347 02/03/2022 02/03/2022 Open Shelf